000 00920cam a2200289 a 4500
999 _c6649
_d6649
001 6649
003 BD-JhCC
005 20180127175736.0
008 720519r19641899enk b 000 0 eng
035 _a(BD-JhCC)6649
040 _aDLC
_cWSU
_dOCL
_dEQO
_dBD-JhCC
041 _aeng
050 0 _aPB35
_b.S85 1964
082 _a407
_bSWE 1964
100 1 _aSweet, Henry,
_d1845-1912.
245 1 4 _aThe practical study of languages :
_ba guide for teachers and learners /
_cHenry Sweet
260 _aLondon :
_bOxford University Press,
_c1964.
300 _axiii, 276 p.
_c20 cm.
490 1 _aLanguage and language learning,
_v1
500 _aA reissue ; first published in 1899.
504 _aBibliography: p. [xv]
650 0 _aLanguage and languages
_xStudy and teaching.
650 0 _aLanguages, Modern
_xStudy and teaching.
830 0 _aLanguage and language learning,
_v1
942 _2ddc
_cBK